| 000 | 01300cam a2200217 4500 | ||
|---|---|---|---|
| 001 | WB3913-14 | ||
| 008 | 030403n2003 000 0 eng u | ||
| 035 | _a(Sirsi) u121879 | ||
| 245 | _aE-conveyancing consultation report published | ||
| 260 | _c2003 | ||
| 490 |
_aRICS News Service _v 1 April 2003 |
||
| 490 |
_aLand Registry Press Release _v(LRP12/03) 17 March 2003 (3) |
||
| 520 | _aThe Land Registry's mandate to introduce e-conveyancing in England and Wales has been endorsed by the publication of their e-conveyancing consultation report. The report shows that a majority of property professionals and the general public would welcome reform of the property buying and selling process. RICS welcomes members comments on this consultation. The full text can be found at http://www.landreg.gov.uk/consultations/. Contact David Melhuish t +44(0)20 7695 1535 or e [email protected]. RICS Weekly News Bulletin http://www.rics.org/ricscms/bin/show?class=News&template=/includes/shownews.html&id=5296#. Land Registry Press Release http://www.landreg.gov.uk/pressoffice/default.asp?fl=1&pubid=LRP12/03 | ||
| 590 | _aWB | ||
| 650 | _aECONVEYANCING | ||
| 650 | _aPUBLIC CONSULTATIONS | ||
| 650 | _aPROPERTY TRANSACTIONS | ||
| 650 | _aREFORMS | ||
| 690 | _aPROPERTY | ||
| 942 | _n0 | ||
| 999 |
_c72434 _d72434 |
||